[Event "Saint Denis op"]
[Site "Saint Denis"]
[Date "2022.10.13"]
[Round "3"]
[White "De Peindray D'Ambell, Philippe"]
[Black "Larmet, Nino"]
[Result "1-0"]
[WhiteElo "1788"]
[BlackElo "2023"]
[PlyCount "73"]
[EventDate "2022.10.13"]
[EventType "swiss"]
[EventRounds "9"]
[EventCountry "RUF"]
[SourceTitle "EXT 2024"]
[Source "ChessBase"]
[SourceDate "2023.10.10"]
[SourceVersion "1"]
[SourceVersionDate "2023.10.10"]
[SourceQuality "1"]

1. e4 e5 2. Nf3 Nc6 3. d4 exd4 4. Bc4 Bc5 5. c3 Nf6 6. cxd4 Bb4+ 7. Bd2 Bxd2+ 8. Nbxd2 d5 9. exd5 Nxd5 10. 0-0 0-0 11. a3 Nb6 12. Bd3 Nxd4 13. Nxd4 Qxd4 14. Qc2 h6 15. Rad1 Bg4 16. Nf3 Qf6 17. Be4 c6 18. h3 Be6 19. a4 Bd5 20. a5 Bxe4 21. Qxe4 Nd5 22. a6 b6 23. Qc4 Nf4 24. Kh2 c5 25. Rd7 Ne6 26. Re1 Rfd8 27. Rb7 Rd6 28. Qe4 Rdd8 29. Qe5 Qg6 30. Re4 Re8 31. Nh4 Qg5 32. Qxg5 hxg5 33. Nf5 Reb8 34. Ne7+ Kf8 35. Nc6 Rc8 36. Nxa7 Rc7 37. Rxe6 1-0

[Event "Saint Denis op"]
[Site "Saint Denis"]
[Date "2022.10.13"]
[Round "5"]
[White "Folio, Pierre"]
[Black "Larmet, Nino"]
[Result "0-1"]
[WhiteElo "1432"]
[BlackElo "2023"]
[PlyCount "126"]
[EventDate "2022.10.13"]
[EventType "swiss"]
[EventRounds "9"]
[EventCountry "RUF"]
[SourceTitle "EXT 2024"]
[Source "ChessBase"]
[SourceDate "2023.10.10"]
[SourceVersion "1"]
[SourceVersionDate "2023.10.10"]
[SourceQuality "1"]

1. e4 e5 2. Nf3 Nc6 3. Bc4 Bc5 4. Nc3 Nf6 5. d3 h6 6. 0-0 0-0 7. a3 a6 8. b4 Ba7 9. Be3 d6 10. h3 Be6 11. Bxa7 Rxa7 12. Bxe6 fxe6 13. d4 Nd7 14. dxe5 Ndxe5 15. Nxe5 Nxe5 16. f4 Nc6 17. Ne2 Qf6 18. f5 Raa8 19. g4 e5 20. Ng3 Qg5 21. Qd3 Rf7 22. Rf2 Ne7 23. Raf1 Raf8 24. Nh5 Qh4 25. f6 gxf6 26. Qb3 Kh7 27. Qe6 Ng8 28. Qf5+ Kh8 29. Qg6 Qg5 30. Qxg5 hxg5 31. Kg2 Kh7 32. h4 Kg6 33. Ng3 gxh4 34. Nf5 Rh7 35. Rh1 Kg5 36. Kf3 Ne7 37. Rfh2 Rfh8 38. c4 Ng6 39. Ne3 Nf4 40. Nd5 Nxd5 41. cxd5 Rc8 42. a4 c5 43. Rc2 c4 44. Rh3 c3 45. b5 Rc4 46. bxa6 bxa6 47. a5 Rb7 48. Ke3 Rbb4 49. Ke2 Rxe4+ 50. Kf3 Rf4+ 51. Ke3 Rbe4+ 52. Kd3 Rd4+ 53. Kxc3 Rxd5 54. Rch2 Rxg4 55. Kb2 Rxa5 56. Kc2 Ra2+ 57. Kb1 Rxh2 58. Rxh2 Rg1+ 59. Kc2 Kg4 60. Re2 f5 61. Kd3 h3 62. Ke3 Rg3+ 63. Kf2 Rg2+ 0-1

[Event "Saint Denis op"]
[Site "Saint Denis"]
[Date "2022.10.13"]
[Round "7"]
[White "Lallemand, Eric"]
[Black "Larmet, Nino"]
[Result "0-1"]
[WhiteElo "1199"]
[BlackElo "2023"]
[PlyCount "48"]
[EventDate "2022.10.13"]
[EventType "swiss"]
[EventRounds "9"]
[EventCountry "RUF"]
[SourceTitle "EXT 2024"]
[Source "ChessBase"]
[SourceDate "2023.10.10"]
[SourceVersion "1"]
[SourceVersionDate "2023.10.10"]
[SourceQuality "1"]

1. e4 e5 2. d4 exd4 3. Qxd4 Nc6 4. Qe3 Nf6 5. Nc3 Bb4 6. Bd2 0-0 7. 0-0-0 Re8 8. Qg3 Nxe4 9. Nxe4 Rxe4 10. Bxb4 Nxb4 11. a3 Nc6 12. Bd3 Re8 13. Nf3 h6 14. Rhe1 d6 15. Rxe8+ Qxe8 16. Re1 Be6 17. Qh4 Qd8 18. Qe4 g6 19. Qf4 Kg7 20. h3 Qf6 21. Qa4 Bxh3 22. Bf1 Be6 23. Qb5 Rb8 24. Bd3 Qf4+ 0-1

[Event "Saint Denis op"]
[Site "Saint Denis"]
[Date "2022.10.13"]
[Round "1"]
[White "Sandjivy, Jean Marc"]
[Black "Larmet, Nino"]
[Result "0-1"]
[WhiteElo "1222"]
[BlackElo "2023"]
[PlyCount "58"]
[EventDate "2022.10.13"]
[EventType "swiss"]
[EventRounds "9"]
[EventCountry "RUF"]
[SourceTitle "EXT 2024"]
[Source "ChessBase"]
[SourceDate "2023.10.10"]
[SourceVersion "1"]
[SourceVersionDate "2023.10.10"]
[SourceQuality "1"]

1. c4 e5 2. Nc3 Nc6 3. e3 g6 4. Nf3 Bg7 5. d4 d6 6. Be2 f5 7. 0-0 Nf6 8. a3 0-0 9. b4 e4 10. Nd2 d5 11. cxd5 Ne7 12. Bc4 Nexd5 13. Nxd5 Nxd5 14. Qb3 c6 15. Bb2 a6 16. Rab1 Be6 17. a4 b5 18. Bxd5 Bxd5 19. Qc2 g5 20. f3 exf3 21. Nxf3 Qe7 22. Bc1 g4 23. Nd2 Qxe3+ 24. Kh1 Qe2 25. Rg1 Bxd4 26. Bb2 Bxb2 27. Qxb2 Rad8 28. axb5 axb5 29. Rbe1 Bxg2+ 0-1

[Event "Agneaux St Lo op"]
[Site "Agneaux"]
[Date "2022.07.09"]
[Round "1"]
[White "Larmet, Nino"]
[Black "Horta, Hector"]
[Result "1-0"]
[WhiteElo "2085"]
[BlackElo "1901"]
[PlyCount "77"]
[EventDate "2022.07.09"]
[EventType "swiss"]
[EventRounds "9"]
[EventCountry "FRA"]
[SourceTitle "EXT 2023"]
[Source "ChessBase"]
[SourceDate "2022.10.05"]
[SourceVersion "1"]
[SourceVersionDate "2022.10.05"]
[SourceQuality "1"]

1. d4 g6 2. Bf4 Bg7 3. e3 c5 4. c3 b6 5. Nf3 Bb7 6. Be2 Nf6 7. h3 d6 8. 0-0 0-0 9. Nbd2 Nbd7 10. a4 Re8 11. Bh2 cxd4 12. exd4 Ne4 13. Nxe4 Bxe4 14. Ng5 Bb7 15. Qb3 e6 16. f4 Nf6 17. Rae1 h6 18. Nf3 Qd7 19. Bb5 Bc6 20. Re2 a6 21. Bxc6 Qxc6 22. Rfe1 Rac8 23. Qa3 Bf8 24. Qb3 Red8 25. Nd2 Kg7 26. Bg3 Rd7 27. Bh2 Rb7 28. g4 b5 29. axb5 Rxb5 30. Qa2 Rcb8 31. Nc4 Qd5 32. Qa4 Qb7 33. f5 exf5 34. Bxd6 Ne4 35. Bxb8 Qxb8 36. Ne5 Rxe5 37. dxe5 Bc5+ 38. Kg2 Qxe5 39. Rxe4 1-0

[Event "FRA-ch U20"]
[Site "Europe Echecs INT"]
[Date "2020.07.12"]
[Round "3"]
[White "Larmet, Nino"]
[Black "Bregnac, Tristan"]
[Result "1-0"]
[WhiteElo "1818"]
[BlackElo "2047"]
[PlyCount "129"]
[EventDate "2020.07.12"]
[EventType "swiss (rapid)"]
[EventRounds "9"]
[EventCountry "FRA"]
[SourceTitle "EXT 2021"]
[Source "ChessBase"]
[SourceDate "2020.10.23"]
[SourceVersion "1"]
[SourceVersionDate "2020.10.23"]
[SourceQuality "1"]

1. e4 c5 2. Nc3 Nc6 3. g3 g6 4. Bg2 Bg7 5. d3 e5 6. Nge2 d6 7. 0-0 Nge7 8. Bg5 h6 9. Be3 0-0 10. Qd2 Kh7 11. Nd5 f5 12. f4 Be6 13. c3 Qd7 14. Kh1 Rf7 15. Rad1 Raf8 16. Nxe7 Qxe7 17. d4 exd4 18. cxd4 Bxa2 19. dxc5 dxc5 20. e5 Rd8 21. Qc3 Bf8 22. Rxd8 Nxd8 23. b3 c4 24. bxc4 Qb4 25. Bd5 Rc7 26. Qxb4 Bxb4 27. Rc1 b5 28. Nc3 Bxc4 29. Bxc4 bxc4 30. Nd5 Rb7 31. Nxb4 Rxb4 32. Bxa7 Kg7 33. Kg2 Kf7 34. h3 Ke6 35. Rd1 Nb7 36. Bf2 c3 37. Rc1 Rc4 38. Kf3 c2 39. Ke2 Na5 40. Kd3 Nb3 41. Rxc2 Rxc2 42. Kxc2 Na5 43. Kc3 Nc6 44. Kc4 g5 45. Kc5 Ne7 46. Be3 g4 47. h4 h5 48. Kd4 Nd5 49. Bf2 Nb4 50. Kc3 Nc6 51. Kc4 Ne7 52. Kd4 Ng6 53. Be1 Kd7 54. Kd5 Nf8 55. Bb4 Ne6 56. Bd6 Ng7 57. Bb4 Ne6 58. Be1 Nc7+ 59. Kc5 Ke6 60. Bf2 Na6+ 61. Kd4 Nb4 62. Kc3 Na2+ 63. Kb3 Nc1+ 64. Kc2 Na2 65. Be1 1-0

[Event "FRA-ch U20"]
[Site "Europe Echecs INT"]
[Date "2020.07.12"]
[Round "4"]
[White "Larmet, Nino"]
[Black "Joly, Julien"]
[Result "0-1"]
[WhiteElo "1818"]
[BlackElo "2188"]
[PlyCount "104"]
[EventDate "2020.07.12"]
[EventType "swiss (rapid)"]
[EventRounds "9"]
[EventCountry "FRA"]
[SourceTitle "EXT 2021"]
[Source "ChessBase"]
[SourceDate "2020.10.23"]
[SourceVersion "1"]
[SourceVersionDate "2020.10.23"]
[SourceQuality "1"]

1. e4 g6 2. Nc3 Bg7 3. g3 d6 4. Bg2 c5 5. d3 Nc6 6. Nge2 e5 7. Nd5 Be6 8. Nec3 Nce7 9. Bg5 h6 10. Be3 Bxd5 11. Nxd5 Nxd5 12. exd5 Ne7 13. Qd2 Nf5 14. c3 0-0 15. 0-0 Kh7 16. Rad1 b5 17. Bh3 Ne7 18. Bg2 Nf5 19. Bh3 Nxe3 20. fxe3 a5 21. e4 h5 22. Rf3 Bh6 23. Qf2 Kg7 24. Rf1 Qe7 25. d4 cxd4 26. cxd4 exd4 27. Qxd4+ Kg8 28. Qd3 b4 29. R1f2 Rae8 30. Re2 Qe5 31. Rf1 Bg7 32. Bg2 Rc8 33. Ref2 Qd4 34. Qb5 Qa7 35. Kh1 Rc5 36. Qd3 Qe7 37. Rc2 Rfc8 38. Rfc1 Bxb2 39. Rxc5 Rxc5 40. Rxc5 dxc5 41. Qb5 Qc7 42. Qe8+ Kg7 43. Qb5 c4 44. Bf1 c3 45. d6 Qxd6 46. e5 Qe6 47. Bc4 Qf5 48. Qd5 c2 49. e6 Qxd5+ 50. Bxd5 c1Q+ 51. Kg2 Qd2+ 52. Kh3 Qxd5 0-1

[Event "FRA-ch U20"]
[Site "Europe Echecs INT"]
[Date "2020.07.12"]
[Round "7"]
[White "Larmet, Nino"]
[Black "Noir, Mathys"]
[Result "1-0"]
[WhiteElo "1818"]
[BlackElo "1897"]
[PlyCount "47"]
[EventDate "2020.07.12"]
[EventType "swiss (rapid)"]
[EventRounds "9"]
[EventCountry "FRA"]
[SourceTitle "EXT 2021"]
[Source "ChessBase"]
[SourceDate "2020.10.23"]
[SourceVersion "1"]
[SourceVersionDate "2020.10.23"]
[SourceQuality "1"]

1. e4 e6 2. Nc3 d5 3. g3 Nf6 4. e5 Nfd7 5. f4 c5 6. Bg2 Nc6 7. Nf3 b6 8. 0-0 Bb7 9. d4 Qc7 10. Be3 a6 11. Ne2 f6 12. c3 c4 13. g4 0-0-0 14. b3 g5 15. f5 fxe5 16. fxe6 Nf6 17. Bxg5 Be7 18. Nxe5 Nxe5 19. dxe5 Qxe5 20. Rf5 Qxe6 21. Nd4 Qd6 22. bxc4 dxc4 23. Bxb7+ Kxb7 24. Qf3+ 1-0

[Event "FRA-ch U20"]
[Site "Europe Echecs INT"]
[Date "2020.07.12"]
[Round "5"]
[White "Raclot, Leo"]
[Black "Larmet, Nino"]
[Result "1-0"]
[WhiteElo "2124"]
[BlackElo "1818"]
[PlyCount "111"]
[EventDate "2020.07.12"]
[EventType "swiss (rapid)"]
[EventRounds "9"]
[EventCountry "FRA"]
[SourceTitle "EXT 2021"]
[Source "ChessBase"]
[SourceDate "2020.10.23"]
[SourceVersion "1"]
[SourceVersionDate "2020.10.23"]
[SourceQuality "1"]

1. e4 e5 2. Nf3 Nc6 3. Bc4 Bc5 4. c3 Nf6 5. d4 exd4 6. e5 d5 7. Bb5 Ne4 8. cxd4 Bb6 9. Nc3 Bg4 10. Be3 0-0 11. h3 Bh5 12. Qb3 Nxc3 13. bxc3 h6 14. Bd3 Ne7 15. g4 Bg6 16. Bxg6 Nxg6 17. h4 Ne7 18. h5 Qd7 19. Rg1 Kh7 20. a4 c6 21. Qc2+ Kh8 22. Nh4 Ng8 23. Nf5 Bd8 24. g5 Bxg5 25. Bxg5 hxg5 26. Rxg5 Nh6 27. Nxh6 gxh6 28. Qf5 Qxf5 29. Rxf5 Rg8 30. Ke2 Raf8 31. Rb1 b6 32. Rf6 Kh7 33. Rxc6 Rg5 34. Rh1 Rd8 35. Rc7 Kg7 36. Rxa7 Rc8 37. e6 Rf5 38. Rxf7+ Rxf7 39. exf7 Kxf7 40. Kd3 Rc4 41. Rb1 Rxa4 42. Rxb6 Kg7 43. Rb7+ Kf6 44. Rd7 Ra2 45. Rxd5 Rxf2 46. c4 Rf5 47. Rxf5+ Kxf5 48. c5 Kg4 49. c6 Kxh5 50. c7 Kg4 51. c8Q+ Kh5 52. Qg8 Kh4 53. Qg6 h5 54. Ke3 Kh3 55. Kf3 h4 56. Qg2# 1-0

[Event "FRA-ch U18/14 Online"]
[Site "Europe Echecs INT"]
[Date "2020.07.11"]
[Round "4"]
[White "Larmet, Nino"]
[Black "Delin, Valere"]
[Result "1-0"]
[WhiteElo "1818"]
[BlackElo "2043"]
[PlyCount "59"]
[EventDate "2020.07.11"]
[EventType "swiss (blitz)"]
[EventRounds "9"]
[EventCountry "FRA"]
[SourceTitle "EXT 2021"]
[Source "ChessBase"]
[SourceDate "2020.10.23"]
[SourceVersion "1"]
[SourceVersionDate "2020.10.23"]
[SourceQuality "1"]

1. e4 c5 2. Nc3 g6 3. g3 Bg7 4. Bg2 e6 5. d3 Ne7 6. Bg5 0-0 7. Qd2 Nbc6 8. Nge2 d5 9. exd5 f6 10. dxc6 fxg5 11. cxb7 Bxb7 12. Bxb7 Rb8 13. Bg2 Qb6 14. b3 c4 15. 0-0 cxd3 16. Qxd3 Rbd8 17. Qe3 Qc7 18. Rad1 Rc8 19. Qxe6+ Rf7 20. Rd7 Qc5 21. Rxe7 Qxe7 22. Qxc8+ Rf8 23. Qc4+ Kh8 24. Nd5 Qe5 25. Qe4 Qd6 26. c4 h5 27. f4 Rf5 28. Ne7 Rf6 29. fxg5 Re6 30. Qa8+ 1-0

[Event "FRA-ch U18/14 Online"]
[Site "Europe Echecs INT"]
[Date "2020.07.11"]
[Round "8"]
[White "Larmet, Nino"]
[Black "Leccia, Antoine"]
[Result "1/2-1/2"]
[WhiteElo "1818"]
[BlackElo "1950"]
[PlyCount "58"]
[EventDate "2020.07.11"]
[EventType "swiss (blitz)"]
[EventRounds "9"]
[EventCountry "FRA"]
[SourceTitle "EXT 2021"]
[Source "ChessBase"]
[SourceDate "2020.10.23"]
[SourceVersion "1"]
[SourceVersionDate "2020.10.23"]
[SourceQuality "1"]

1. e4 e5 2. Nf3 Nc6 3. Bb5 a6 4. Ba4 Nf6 5. 0-0 b5 6. Bb3 Bb7 7. d3 Be7 8. Re1 0-0 9. a3 h6 10. Nc3 Bc5 11. h3 Re8 12. Nd5 d6 13. Ne3 Bxe3 14. Bxe3 d5 15. exd5 Nxd5 16. Bd2 Nf6 17. Bc3 Qd6 18. d4 e4 19. Ne5 Re7 20. Ng4 Nd5 21. Bxd5 Qxd5 22. Ne3 Qg5 23. Qg4 Qxg4 24. Nxg4 f5 25. Ne3 g6 26. Nd5 Rf7 27. Rad1 Rd8 28. Nb4 Nxb4 29. Bxb4 Bd5 1/2-1/2

[Event "FRA-ch U18/14 Online"]
[Site "Europe Echecs INT"]
[Date "2020.07.11"]
[Round "7"]
[White "Paris, Romain"]
[Black "Larmet, Nino"]
[Result "0-1"]
[WhiteElo "1486"]
[BlackElo "1818"]
[PlyCount "114"]
[EventDate "2020.07.11"]
[EventType "swiss (blitz)"]
[EventRounds "9"]
[EventCountry "FRA"]
[SourceTitle "EXT 2021"]
[Source "ChessBase"]
[SourceDate "2020.10.23"]
[SourceVersion "1"]
[SourceVersionDate "2020.10.23"]
[SourceQuality "1"]

1. d4 d5 2. c4 e6 3. Nc3 c6 4. Nf3 dxc4 5. a4 Bb4 6. Bd2 Bd7 7. e4 b5 8. axb5 cxb5 9. b3 Bxc3 10. Bxc3 Nf6 11. e5 Nd5 12. Ba5 Qc8 13. Qc2 c3 14. Bd3 b4 15. Ng5 h6 16. Ne4 0-0 17. Nd6 Qc6 18. Bb5 Qxb5 19. Nxb5 Bxb5 20. 0-0-0 Nc6 21. Qa2 Nf4 22. Bc7 Nd3+ 23. Rxd3 Bxd3 24. Bd6 Nxd4 25. Bxf8 Ne2+ 26. Kd1 c2+ 27. Kd2 Rxf8 28. Qxa7 Rc8 29. Qa1 c1Q+ 30. Rxc1 Nxc1 31. Qa4 Rc2+ 32. Ke3 Re2+ 33. Kf3 Be4+ 34. Kg3 Nd3 35. Qe8+ Kh7 36. Qxf7 Bf5 37. f3 Rxe5 38. Qc7 Rd5 39. h3 Ne5 40. Qc1 Nd3 41. Qa1 Rc5 42. Qa7 Rc3 43. Qb6 Rxb3 44. Qd4 Rc3 45. h4 Rc8 46. Kh2 b3 47. g4 b2 48. gxf5 b1Q 49. f6 Qb8+ 50. Kg2 Qb2+ 51. Kg3 Qxd4 52. f4 Qxf6 53. h5 Qxf4+ 54. Kg2 Ne5 55. Kh3 Rc3+ 56. Kg2 Qd2+ 57. Kf1 Rc1# 0-1

[Event "FRA-ch Blitz Online Qual"]
[Site "Europe Echecs INT"]
[Date "2020.05.16"]
[Round "13"]
[White "Fondrat, Johan"]
[Black "Larmet, Nino"]
[Result "0-1"]
[WhiteElo "1509"]
[BlackElo "1818"]
[PlyCount "110"]
[EventDate "2020.05.16"]
[EventType "swiss (blitz)"]
[EventRounds "15"]
[EventCountry "FRA"]
[SourceTitle "CBM 196 Extra"]
[Source "ChessBase"]
[SourceDate "2020.07.31"]
[SourceVersion "1"]
[SourceVersionDate "2020.07.31"]
[SourceQuality "1"]

1. e4 e5 2. Nf3 Nc6 3. Bc4 Bc5 4. 0-0 Nf6 5. d3 0-0 6. Be3 Bxe3 7. fxe3 Na5 8. Bb3 Nxb3 9. axb3 d6 10. h3 h6 11. Nc3 Be6 12. d4 exd4 13. exd4 Qe7 14. Qd3 a6 15. Rad1 Rae8 16. b4 Bd7 17. Rfe1 Bc6 18. d5 Bd7 19. Rd2 Nh7 20. Rde2 Ng5 21. Nxg5 Qxg5 22. b5 a5 23. Kh1 b6 24. Re3 Qh4 25. Rf1 Re5 26. Ref3 f6 27. Rf4 Qg5 28. R4f3 f5 29. exf5 Rfxf5 30. Rxf5 Rxf5 31. Rxf5 Qxf5 32. Qd2 Qf1+ 33. Kh2 Bxb5 34. Nxb5 Qxb5 35. b3 Qb4 36. Qe2 Qf4+ 37. Kh1 Qf7 38. Qe4 g6 39. Kh2 g5 40. c4 Qf4+ 41. Qxf4 gxf4 42. Kg1 Kf7 43. Kf2 Kf6 44. Kf3 Kf5 45. g3 fxg3 46. Kxg3 Kg5 47. h4+ Kf5 48. Kf3 h5 49. Kg3 Ke4 50. Kh3 Kf3 51. Kh2 Kg4 52. Kg2 Kxh4 53. Kf3 Kg5 54. Kg3 Kf5 55. Kf3 h4 0-1

[Event "FRA-ch Blitz Online Qual"]
[Site "Europe Echecs INT"]
[Date "2020.05.16"]
[Round "2"]
[White "Larmet, Nino"]
[Black "Nizard, Roger"]
[Result "0-1"]
[WhiteElo "1818"]
[BlackElo "2144"]
[PlyCount "64"]
[EventDate "2020.05.16"]
[EventType "swiss (blitz)"]
[EventRounds "15"]
[EventCountry "FRA"]
[SourceTitle "CBM 196 Extra"]
[Source "ChessBase"]
[SourceDate "2020.07.31"]
[SourceVersion "1"]
[SourceVersionDate "2020.07.31"]
[SourceQuality "1"]

1. e4 c5 2. Nc3 a6 3. g3 b5 4. Bg2 Bb7 5. d3 e6 6. Nh3 Nf6 7. 0-0 d5 8. Bg5 b4 9. Bxf6 Qxf6 10. Na4 Qd8 11. exd5 Bxd5 12. Bxd5 exd5 13. Re1+ Be7 14. Qe2 Kf8 15. Nf4 Ra7 16. b3 Rd7 17. Nb2 Nc6 18. Qd2 Bf6 19. Rab1 g6 20. Nd1 Kg7 21. Ne3 Bc3 22. Qe2 Bxe1 23. Rxe1 Nd4 24. Qd1 Re8 25. Kg2 Qa8 26. Qd2 Qc6 27. c3 bxc3 28. Qxc3 Kg8 29. Rc1 Rc8 30. Nc2 Ne6 31. Na3 Nxf4+ 32. gxf4 d4+ 0-1

[Event "FRA-ch Blitz Online Qual"]
[Site "Europe Echecs INT"]
[Date "2020.05.16"]
[Round "3"]
[White "Thibous, Leo"]
[Black "Larmet, Nino"]
[Result "0-1"]
[WhiteElo "1380"]
[BlackElo "1818"]
[PlyCount "42"]
[EventDate "2020.05.16"]
[EventType "swiss (blitz)"]
[EventRounds "15"]
[EventCountry "FRA"]
[SourceTitle "CBM 196 Extra"]
[Source "ChessBase"]
[SourceDate "2020.07.31"]
[SourceVersion "1"]
[SourceVersionDate "2020.07.31"]
[SourceQuality "1"]

1. Nf3 d5 2. c4 e6 3. b3 c6 4. Bb2 f5 5. e3 Nf6 6. Be2 Bd6 7. Nc3 0-0 8. h3 Nbd7 9. d4 Ne4 10. a3 Ndf6 11. c5 Bc7 12. b4 a6 13. a4 Nxc3 14. Bxc3 Ne4 15. Qc2 Bd7 16. 0-0 g5 17. Rfb1 g4 18. hxg4 fxg4 19. Nd2 Qh4 20. Nxe4 Qh2+ 21. Kf1 Qh1# 0-1

[Event "St Denis op 21st"]
[Site "St Denis"]
[Date "2019.10.20"]
[Round "3"]
[White "Larmet, Nino"]
[Black "Quere, Alexandre"]
[Result "1/2-1/2"]
[WhiteElo "1738"]
[BlackElo "2042"]
[PlyCount "102"]
[EventDate "2019.10.20"]
[EventType "swiss"]
[EventRounds "9"]
[EventCountry "RUF"]
[SourceTitle "CBM 192 Extra"]
[Source "Chessbase"]
[SourceDate "2019.11.06"]
[SourceVersion "1"]
[SourceVersionDate "2019.11.06"]
[SourceQuality "1"]

1. e4 c5 2. Nc3 Nc6 3. g3 g6 4. Bg2 Bg7 5. d3 d6 6. Nge2 e6 7. 0-0 Rb8 8. a4 b6 9. Be3 Nd4 10. f4 Nxe2+ 11. Qxe2 Ne7 12. Nd1 0-0 13. c3 Ba6 14. Rf3 d5 15. e5 d4 16. cxd4 cxd4 17. Bd2 Bb7 18. Rf1 Bxg2 19. Kxg2 Qd5+ 20. Kg1 a5 21. Nf2 Rbc8 22. Rfc1 Qb3 23. Qd1 Qxb2 24. Rcb1 Qc2 25. Rxb6 Nd5 26. Rb5 g5 27. Rxa5 gxf4 28. Bxf4 Qxd1+ 29. Rxd1 Nc3 30. Ra1 f6 31. exf6 Rxf6 32. Ra6 Ne2+ 33. Kf1 Nxf4 34. gxf4 Rcf8 35. Ra2 Bh6 36. Rd6 Bxf4 37. Rxd4 e5 38. Rc4 Be3 39. Rcc2 Bd4 40. a5 Ra8 41. Kg2 Rg6+ 42. Kf3 Rga6 43. Rc7 Rf8+ 44. Kg2 Rxf2+ 45. Rxf2 Bxf2 46. Kxf2 Rxa5 47. Ke3 Rd5 48. h4 h5 49. Rc4 Kf7 50. Ke4 Rd6 51. Rc7+ Ke6 1/2-1/2

[Event "Agneaux St Lo U16 op 21th"]
[Site "Agneaux"]
[Date "2019.07.13"]
[Round "9.5"]
[White "Lefebvre, Matthieu"]
[Black "Larmet, Nino"]
[Result "1-0"]
[WhiteElo "1721"]
[BlackElo "1551"]
[PlyCount "63"]
[EventDate "2019.07.06"]
[EventType "swiss"]
[EventRounds "9"]
[EventCountry "FRA"]
[SourceTitle "EXT 2020"]
[Source "ChessBase"]
[SourceDate "2019.10.17"]
[SourceVersion "1"]
[SourceVersionDate "2019.10.17"]
[SourceQuality "1"]

1. e4 e5 2. f4 d5 3. exd5 exf4 4. Nf3 Nf6 5. Bb5+ Bd7 6. Bxd7+ Qxd7 7. c4 c6 8. Qe2+ Be7 9. Ne5 Qd6 10. dxc6 Nxc6 11. Nxc6 Qxc6 12. 0-0 Qc5+ 13. Kh1 Rd8 14. Rxf4 0-0 15. d4 Qc7 16. Nc3 Bd6 17. Rxf6 Rfe8 18. Be3 gxf6 19. Nd5 Rxe3 20. Qg4+ Kh8 21. Nxc7 Bxc7 22. g3 Rde8 23. Rf1 Bd8 24. Qd7 R3e7 25. Qd5 Kg7 26. Kg2 Re2+ 27. Rf2 R2e7 28. b4 Bc7 29. Qf3 Re6 30. d5 R6e7 31. Qxf6+ Kg8 32. d6 1-0

[Event "Mumbai Wealth op U13 4th"]
[Site "Mumbai"]
[Date "2019.01.07"]
[Round "9"]
[White "Larmet, Nino"]
[Black "Kriti, Mayur Patel"]
[Result "1/2-1/2"]
[WhiteElo "1835"]
[BlackElo "1439"]
[PlyCount "117"]
[EventDate "2018.12.30"]
[EventType "swiss"]
[EventRounds "9"]
[EventCountry "IND"]
[SourceTitle "CBM 188 Extra"]
[Source "ChessBase"]
[SourceDate "2019.02.26"]
[SourceVersion "1"]
[SourceVersionDate "2019.02.26"]
[SourceQuality "1"]

1. e4 e5 2. Nf3 Nc6 3. Bb5 a6 4. Ba4 Nf6 5. d3 b5 6. Bb3 Bc5 7. Bg5 0-0 8. 0-0 d6 9. c3 h6 10. Bh4 Bg4 11. Nbd2 Rb8 12. Re1 g5 13. Bg3 Nh5 14. h3 Bxf3 15. Qxf3 Nxg3 16. Qxg3 Kh8 17. Qf3 Bb6 18. Nf1 Na5 19. Bc2 Nc6 20. Ng3 a5 21. Rad1 Rg8 22. Nh5 Qe7 23. Nf6 Rg6 24. Nd5 Qd7 25. Bb3 Ba7 26. Ne3 Rf8 27. Qf5 Qxf5 28. Nxf5 Rf6 29. Bd5 Ne7 30. Nxe7 Bxf2+ 31. Kf1 Bxe1+ 32. Kxe1 Kh7 33. Ke2 Re8 34. Nc6 a4 35. Nb4 Rb8 36. Bc6 Rg6 37. Rf1 Kg7 38. Bd5 Rf6 39. Rxf6 Kxf6 40. Bc6 Kg6 41. d4 f6 42. d5 Rb6 43. g4 Kf7 44. Kd3 Ke7 45. Nc2 Kf7 46. Ne3 Rb8 47. Nf5 Kg6 48. Kc2 h5 49. b3 hxg4 50. hxg4 axb3+ 51. Kxb3 Rb6 52. Kb4 Ra6 53. a3 Ra4+ 54. Kb3 Rxe4 55. Bxb5 Rxg4 56. Ne3 Rg3 57. Be8+ Kh7 58. Nf5 Rf3 59. Bd7 1/2-1/2

[Event "Mumbai Wealth op U13 4th"]
[Site "Mumbai"]
[Date "2019.01.06"]
[Round "8"]
[White "Larmet, Nino"]
[Black "Tikam, Aradhya"]
[Result "1-0"]
[WhiteElo "1835"]
[BlackElo "1332"]
[PlyCount "118"]
[EventDate "2018.12.30"]
[EventType "swiss"]
[EventRounds "9"]
[EventCountry "IND"]
[SourceTitle "CBM 188 Extra"]
[Source "ChessBase"]
[SourceDate "2019.02.26"]
[SourceVersion "1"]
[SourceVersionDate "2019.02.26"]
[SourceQuality "1"]

1. e4 e5 2. Nf3 Nc6 3. Bb5 Nf6 4. d3 d6 5. c3 Be7 6. 0-0 a6 7. Ba4 0-0 8. Re1 Bg4 9. Nbd2 Nd7 10. Nf1 b5 11. Bc2 f5 12. Bb3+ Kh8 13. Bd5 Ndb8 14. Ne3 Bxf3 15. Qxf3 fxe4 16. Qd1 exd3 17. Qxd3 b4 18. Nf5 a5 19. Qe4 Ra6 20. Bc4 Ra8 21. Rd1 Qe8 22. Bb5 Bf6 23. cxb4 axb4 24. Bd2 Ra5 25. a4 Qe6 26. Bxc6 Nxc6 27. Nxg7 Bxg7 28. Qxc6 Rc5 29. Qe4 Rc4 30. Qe2 d5 31. Re1 Qf5 32. Rac1 Re4 33. Qf1 Rf7 34. Rxe4 Qxe4 35. Qe1 Qxe1+ 36. Bxe1 Bf8 37. Kf1 c5 38. b3 Ra7 39. Ke2 Kg7 40. Kd3 Kf6 41. f3 Ke6 42. Bf2 Ra5 43. Re1 Kf6 44. Bh4+ Ke6 45. Bg3 Bg7 46. Bxe5 Bxe5 47. f4 Ra7 48. Rxe5+ Kd6 49. Rh5 Rf7 50. Rh6+ Kc7 51. g3 Kb7 52. Rd6 Rf5 53. Rd7+ Kc6 54. Rxh7 Rf6 55. Rh5 Re6 56. Re5 Rh6 57. h4 Rg6 58. Rg5 Re6 59. h5 Kd6 1-0

[Event "Mumbai Wealth op U13 4th"]
[Site "Mumbai"]
[Date "2019.01.05"]
[Round "7"]
[White "Sairaj, Dilip Vernekar"]
[Black "Larmet, Nino"]
[Result "1-0"]
[WhiteElo "1445"]
[BlackElo "1835"]
[PlyCount "83"]
[EventDate "2018.12.30"]
[EventType "swiss"]
[EventRounds "9"]
[EventCountry "IND"]
[SourceTitle "CBM 188 Extra"]
[Source "ChessBase"]
[SourceDate "2019.02.26"]
[SourceVersion "1"]
[SourceVersionDate "2019.02.26"]
[SourceQuality "1"]

1. e4 e5 2. Nf3 Nc6 3. d4 exd4 4. Bc4 Bc5 5. c3 Nf6 6. e5 d5 7. Bb5 Ne4 8. cxd4 Bb6 9. 0-0 0-0 10. Nc3 Bg4 11. Bxc6 bxc6 12. Be3 f6 13. Nxe4 dxe4 14. Qb3+ Kh8 15. Nd2 Bf5 16. Qc3 Qd5 17. Nc4 Rad8 18. exf6 gxf6 19. Rfd1 Rg8 20. Kf1 Bg4 21. Rd2 Qh5 22. Bf4 Bf3 23. gxf3 exf3 24. Bg3 Qh3+ 25. Ke1 Qg2 26. Rdd1 Rge8+ 27. Ne3 Ba5 28. Qxa5 Rxe3+ 29. Kd2 Re2+ 30. Kc3 Qh3 31. Qxc7 Rd7 32. Qxc6 Qf5 33. Kb3 Qd5+ 34. Qxd5 Rxd5 35. Kc4 Rd8 36. b3 Rc2+ 37. Kb4 Rd5 38. a4 a5+ 39. Ka3 Rc3 40. Kb2 Rc8 41. Rac1 Rcd8 42. Rc4 1-0